000 00703nam a2200253Ia 4500
003 OSt
005 20221007101043.0
006 a|||||r|||| 00| 0
007 ta
008 221006b |||||||| |||| 00| 0 eng d
024 _a5,743
037 _cTextual
040 _aLCO
_cLCO
_beng
041 _2eng
_aeng
082 _aX:97:(Z), K8
100 _aThe Indian Law Institute, New Delhi
_9683557
245 0 _aLabour Law and Labour Relations with Appendix
250 _a1st
260 _aBombay
_bN. M.Tripathi Private Ltd. India
_c1968
300 _a148
650 _aLABOUR
942 _hX:97:(Z), K8
_cTEXL
999 _c1175306
_d1175306